Statistiken für Formel 1 Rennstrecken 2022

Klicken Sie hier um das Quiz zu spielen!

Allgemein

  • Dieses Quiz wurde 188 mal gespielt
  • Das Durchschnittsergebnis liegt bei 15 aus 23

Antwortstatistiken

LandRennstrecke% Korrekt
BelgienSpa-Francorchamps
89%
ItalienAutódromo Nazionale di Monza
88%
ÖsterreichRed Bull Ring
88%
AserbaidschanBaku City Circuit
85%
MonacoMonte Carlo City Circuit
83%
AustralienAlbert Park Circuit
80%
ItalienAutódromo Enzo e Dino Ferrari
78%
SpanienCircuit de Barcelona-Catalunya
76%
UngarnHungaroring
74%
USAMiami Internarional Autodrome
74%
NiederlandeCircuit Park Zandvoort
71%
Saudi ArabienJeddah Corniche Circuit
71%
Vereinigtes KönigreichSilverstone Circuit
67%
JapanSuzuka International Racing Course
66%
KanadaCircuit Gilles-Villeneuve
65%
SingapurMarina Bay Street Circuit
63%
USACircuit of the Amricas
61%
BahrainBahrain International Circuit
60%
RusslandSochi Autodrom
49%
BrasilienAutódromo Jose Carlos Pace
41%
FrankreichCircuit Paul Ricard
39%
MexikoAutódromo Hermanos Rodríguez
19%
VAEYas Marina Circuit
19%

Verteilung der Resultate

Perzentil nach korrekt beantworteten Fragen

Anzahl Personen mit jedem Resultat

Ihre Resultats-Entwicklung

Sie haben dieses Quiz noch nicht gespielt